Online Catalogue and eLibrary

Akeywadaya Balaya Beda Herima Ha Bhautare Prabuthwawadaya (Record no. 5486)

MARC details
000 -LEADER
fixed length control field 00456nam a2200157Ia 4500
005 - DATE AND TIME OF LATEST TRANSACTION
control field 20250626022545.0
008 - FIXED-LENGTH DATA ELEMENTS--GENERAL INFORMATION
fixed length control field 240331s9999 xx 000 0 und d
020 ## - INTERNATIONAL STANDARD BOOK NUMBER
ISBN 9555920109
082 ## - DDC Classification
Item Number - Author Mark AKE
Class No. 351
245 #0 - TITLE STATEMENT
Title Akeywadaya Balaya Beda Herima Ha Bhautare Prabuthwawadaya
260 ## - PUBLICATION, DISTRIBUTION, ETC.
Place of publication, distribution, etc. Colombo
Name of publisher, distributor, etc. Sri Lanka Foundation Institute
Date of publication, distribution, etc. 1995
300 ## - PHYSICAL DESCRIPTION
Extent (e.g. Volumes, Pages etc.) 59 p .,
500 ## - GENERAL NOTE
General note A book on Power Distribution Proposal
700 ## - ADDED ENTRY--PERSONAL NAME
Personal name Abeysekara, C.
Relator term (Role) Editor
942 ## - Koha item type (Biblio)
Koha item type Books in Stacks (Lending)
Holdings
Lost status Damaged status Collection code Home library Current library Shelving location Date acquired Full call number Accession Number Item type
    Lending WERC Library WERC Library Social Science Cupboard 03/31/2024 303.6 AKE 5680 Books in Stacks (Lending)

© WERC Library